Lập trình IoT với Arduino ESP8266&XBEE

Sách gồm 5 phần giới thiệu cơ bản và nâng cao về Arduino, hiển thị với LED 7 đoạn-LCD và LED ma trận, Arduino và cảm biến.

Сохранить в:
Библиографические подробности
Главный автор: Nguyễn, Tất Bảo Thiện
Формат:
Язык:Undetermined
Опубликовано: Hà Nội Thanh niên 2018
Предметы:
Метки: Добавить метку
Нет меток, Требуется 1-ая метка записи!
Thư viện lưu trữ: Trung tâm Học liệu Trường Đại học Cần Thơ
LEADER 00843nam a2200217Ia 4500
001 CTU_230792
008 210402s9999 xx 000 0 und d
020 |c 150000 
082 |a 621.3810285 
082 |b Th305 
100 |a Nguyễn, Tất Bảo Thiện 
245 0 |a Lập trình IoT với Arduino ESP8266&XBEE 
245 0 |c Nguyễn Tất Bảo Thiện, Phạm Quang Huy 
260 |a Hà Nội 
260 |b Thanh niên 
260 |c 2018 
520 |a Sách gồm 5 phần giới thiệu cơ bản và nâng cao về Arduino, hiển thị với LED 7 đoạn-LCD và LED ma trận, Arduino và cảm biến. 
650 |a Mạch điện tử,Electronic circuits 
650 |x Phần mềm,Software 
910 |b nthai 
980 |a Trung tâm Học liệu Trường Đại học Cần Thơ